| 000 | 00541nam a22001817a 4500 | ||
|---|---|---|---|
| 005 | 20251108164152.0 | ||
| 008 | 250721s9999 xx 000 0 ara d | ||
| 082 | 1 | 4 | _a342.0309565/ريم |
| 100 | 1 | _aالريموني، عيسى عابد | |
| 245 | 1 | 0 | _aالطريق الطويل إلى الميثاق الوطني الأردني / |
| 264 | 1 |
_aعمان : _c[19-]. |
|
| 300 | _a191ص. | ||
| 490 | 0 |
_aنحو خطه وطنيه للإنقاذ _v3 |
|
| 650 | 1 | 7 | _aالأردن |
| 650 | 1 | 7 | _aالدستور |
| 942 |
_2ddc _cBK |
||
| 999 |
_c5369 _d5369 |
||